|
|
|
|
| LEADER |
03611nam a2200625 4500 |
| 001 |
978-3-540-44843-3 |
| 003 |
DE-He213 |
| 005 |
20191021203002.0 |
| 007 |
cr nn 008mamaa |
| 008 |
121227s2003 gw | s |||| 0|eng d |
| 020 |
|
|
|a 9783540448433
|9 978-3-540-44843-3
|
| 024 |
7 |
|
|a 10.1007/3-540-44843-8
|2 doi
|
| 040 |
|
|
|d GrThAP
|
| 050 |
|
4 |
|a QA75.5-76.95
|
| 050 |
|
4 |
|a QA76.63
|
| 072 |
|
7 |
|a UY
|2 bicssc
|
| 072 |
|
7 |
|a COM014000
|2 bisacsh
|
| 072 |
|
7 |
|a UY
|2 thema
|
| 072 |
|
7 |
|a UYA
|2 thema
|
| 082 |
0 |
4 |
|a 004.0151
|2 23
|
| 245 |
1 |
0 |
|a Computational Science and Its Applications - ICCSA 2003
|h [electronic resource] :
|b International Conference, Montreal, Canada, May 18-21, 2003, Proceedings, Part II /
|c edited by Vipin Kumar, Marina L. Gavrilova, C.J. Kenneth Tan, Pierre L'Ecuyer.
|
| 250 |
|
|
|a 1st ed. 2003.
|
| 264 |
|
1 |
|a Berlin, Heidelberg :
|b Springer Berlin Heidelberg :
|b Imprint: Springer,
|c 2003.
|
| 300 |
|
|
|a LXVIII, 926 p.
|b online resource.
|
| 336 |
|
|
|a text
|b txt
|2 rdacontent
|
| 337 |
|
|
|a computer
|b c
|2 rdamedia
|
| 338 |
|
|
|a online resource
|b cr
|2 rdacarrier
|
| 347 |
|
|
|a text file
|b PDF
|2 rda
|
| 490 |
1 |
|
|a Lecture Notes in Computer Science,
|x 0302-9743 ;
|v 2668
|
| 505 |
0 |
|
|a Modeling of Location Management in Mobile Information Systems -- Automatic Differentiation and Applications -- Mobile Computing: Routing and Handoff -- Mobile Computing: Authentication Technology -- Coarse Grained Parallel Algorithms for Scientific Applications -- Theme: Information Systems and Technologies Security and Watermarking -- Graphics and Image -- Mobile and Wireless Networking -- Operating Systems Techniques and Databases -- Software Development -- Speech Recognition and Agent Technologies -- Computational Theory and Test and Simulation -- Wave Phenomena in Physics and Engineering: New Models, Algorithms, and Applications -- Web-Based Learning.
|
| 650 |
|
0 |
|a Computers.
|
| 650 |
|
0 |
|a Software engineering.
|
| 650 |
|
0 |
|a Computer organization.
|
| 650 |
|
0 |
|a Algorithms.
|
| 650 |
|
0 |
|a Computer science-Mathematics.
|
| 650 |
1 |
4 |
|a Theory of Computation.
|0 http://scigraph.springernature.com/things/product-market-codes/I16005
|
| 650 |
2 |
4 |
|a Software Engineering/Programming and Operating Systems.
|0 http://scigraph.springernature.com/things/product-market-codes/I14002
|
| 650 |
2 |
4 |
|a Computer Systems Organization and Communication Networks.
|0 http://scigraph.springernature.com/things/product-market-codes/I13006
|
| 650 |
2 |
4 |
|a Algorithm Analysis and Problem Complexity.
|0 http://scigraph.springernature.com/things/product-market-codes/I16021
|
| 650 |
2 |
4 |
|a Mathematics of Computing.
|0 http://scigraph.springernature.com/things/product-market-codes/I17001
|
| 650 |
2 |
4 |
|a Information Systems and Communication Service.
|0 http://scigraph.springernature.com/things/product-market-codes/I18008
|
| 700 |
1 |
|
|a Kumar, Vipin.
|e editor.
|4 edt
|4 http://id.loc.gov/vocabulary/relators/edt
|
| 700 |
1 |
|
|a Gavrilova, Marina L.
|e editor.
|4 edt
|4 http://id.loc.gov/vocabulary/relators/edt
|
| 700 |
1 |
|
|a Tan, C.J. Kenneth.
|e editor.
|4 edt
|4 http://id.loc.gov/vocabulary/relators/edt
|
| 700 |
1 |
|
|a L'Ecuyer, Pierre.
|e editor.
|4 edt
|4 http://id.loc.gov/vocabulary/relators/edt
|
| 710 |
2 |
|
|a SpringerLink (Online service)
|
| 773 |
0 |
|
|t Springer eBooks
|
| 776 |
0 |
8 |
|i Printed edition:
|z 9783662184202
|
| 776 |
0 |
8 |
|i Printed edition:
|z 9783540401612
|
| 830 |
|
0 |
|a Lecture Notes in Computer Science,
|x 0302-9743 ;
|v 2668
|
| 856 |
4 |
0 |
|u https://doi.org/10.1007/3-540-44843-8
|z Full Text via HEAL-Link
|
| 912 |
|
|
|a ZDB-2-SCS
|
| 912 |
|
|
|a ZDB-2-LNC
|
| 912 |
|
|
|a ZDB-2-BAE
|
| 950 |
|
|
|a Computer Science (Springer-11645)
|